La economía descifrada : manual de supervivencia para legos /
Guardado en:
| Autor Principal: | |
|---|---|
| Formato: | Libro |
| Idioma: | Spanish |
| Publicado: |
Buenos Aires :
Ediciones Orbis,
1986.
|
| Series: | Biblioteca de la dirección de empresas ;
30. |
| Materias: | |
| Etiquetas: |
Agregar Etiqueta
Sin Etiquetas, Sea el primero en etiquetar este registro!
|
| LEADER | 01082nam a22002895 4500 | ||
|---|---|---|---|
| 001 | EAD.ead002298 | ||
| 008 | 080718s1986####ag#######b####000#0#spa#d | ||
| 005 | 20100914102702.0 | ||
| 245 | 1 | 3 | |a La economía descifrada : |b manual de supervivencia para legos / |c Maurice Levi. |
| 260 | |a Buenos Aires : |b Ediciones Orbis, |c 1986. | ||
| 300 | |a 237 p. ; |c 21 cm. | ||
| 490 | 1 | |a Biblioteca de la dirección de empresas ; |v 30 | |
| 500 | |a Traducción de: Economic deciphered: a layman's survival guide. | ||
| 504 | |a Incluye referencias bibliográficas. | ||
| 020 | |a 9506146276 | ||
| 100 | 1 | |a Levi, Maurice D., |d 1945- | |
| 830 | 0 | |a Biblioteca de la dirección de empresas ; |v 30. | |
| 082 | 0 | 4 | |a 330 |2 21 |
| 650 | 7 | |a Economía. |2 unbist | |
| 650 | 7 | |a Economía monetaria. |2 isoc | |
| 650 | 7 | |a Economía del trabajo |2 unbist | |
| 650 | 7 | |a Economía de la empresa. |2 isoc | |
| 650 | 7 | |a Monopolios. |2 unbist | |
| 650 | 7 | |a Oligopolios. |2 unbist | |
| 650 | 7 | |a Economía internacional. |2 unbist | |
| 650 | 7 | |a Economistas. |2 unbist | |
| 859 | |a AR-BaBDC |b BIB. ADMINISTRACION GABCOOP - Libros |h 330 |i L578-1 |p g00870 | ||
